000 00267nam a2200109Ia 4500
008 190914s9999||||xx |||||||||||||| ||und||
100 _aDr,Mubarak Ali
245 0 _aDar Dar Thokar Khae : Aap Beti
260 _aLahore
_bFiction House
_c1994
300 _a253
942 _cBK
999 _c8915
_d8915